La Educación superior y el conjunto del sistema educativo /

Na minha lista:
Detalhes bibliográficos
Autores Corporativos: Cuba. Ministerios de Educación Superior, UNESCO Oficina Regional de Educación para América y el Caribe Centro Regional para la Educación Superior en América Latinay el Caribe CRESALC
Formato: Texto
Publicado em: Santiago: UNESCO
Assuntos:
Tags: Adicionar Tag
Sem tags, seja o primeiro a adicionar uma tag!

MARC

LEADER 00000 a a2200000 04500
001 26640
003
040
090 |a 149200  
110 |a Cuba. Ministerios de Educación Superior  
245 |a La Educación superior y el conjunto del sistema educativo /  |c Cuba. Ministerios de Educación Superior  
260 |a Santiago:   |b UNESCO  
300 |a 31 p   |b **no definido**  
650 |a INSTITUCIONES DE ENSEÑANZA SUPERIOR  
650 |a COOPERACION CULTURAL  
650 |a PRESUPUESTO DE LA EDUCACION  
710 |a UNESCO   |a Oficina Regional de Educación para América y el Caribe   |a Centro Regional para la Educación Superior en América Latinay el Caribe   |a CRESALC  
999 |c 13870  |d 13870